Statistics for Boston Celtics retired jerseys

Click here to take the quiz!

General Stats

  • This quiz has been taken 826 times
  • The average score is 9 of 21

Answer Stats

NumberPlayer% Correct
33Larry Bird
95%
6Bill Russell
88%
32Kevin McHale
80%
00Robert Parish
80%
14Bob Cousy
74%
17John Havlicek
68%
24Sam Jones
58%
25K.C. Jones
57%
18Dave Cowens
48%
3Dennis Johnson
48%
10Jo Jo White.
40%
15Tom Heinsohn
30%
2Arnold Red Auerbach
29%
35Reggie Lewis
28%
21Bill Sharman
24%
16Tom Satch Sanders
18%
19Don Nelson
17%
1Walter Brown
16%
22Ed Macauley
12%
LOSCYJim Loscutoff
12%
23Frank Ramsey
10%

Score Distribution

Percentile by Number Answered

Percent of People with Each Score

Your Score History

You have not taken this quiz